[Event "Mondiale Lampo FIDE 2022"]
[Site "Alma Ata"]
[Date "29.12.2022"]
[Round "10.79"]
[White "Averin, Nikolay"]
[Black "Gadimbayli, Abdulla"]
[Result "1-0"]
[WhiteTitle ""]
[BlackTitle ""]
[WhiteElo "2342"]
[BlackElo "2524"]
[WhiteFideId "24250473"]
[BlackFideId "13404938"]
[EventDate "29.12.2022"]

1. e4 e5 2. Nf3 d5 3. Nxe5 Bd6 4. d4 dxe4 5. Be2 Bxe5 6. dxe5 Qxd1+ 7. Bxd1 Nc6
8. Nc3 Bf5 9. Bf4 O-O-O 10. O-O Nge7 11. Re1 Ng6 12. Bg3 Ncxe5 13. Nxe4 Rhe8 14.
f3 Nc4 15. Be2 Nxb2 16. Nc5 Rd5 17. Nxb7 Re6 18. Rab1 Rb6 19. Bf2 Rb4 20. a3
Rxb7 21. Ba6 Kb8 22. Bxb7 Kxb7 23. Rxb2+ Kc6 24. Bxa7 Nf4 25. Be3 Ne6 26. a4 Ra5
27. Ra1 Nd8 28. Kf2 Nb7 29. Bd2 Ra6 30. a5 Nd6 31. Ra4 Be6 32. Rbb4 Kd5 33. Ke2
c5 34. Rb6 Ra8 35. a6 Bd7 36. Ra1 Nc4 37. Rb7 Kc6 38. Rbb1 Bf5 39. Bc3 Bxc2 40.
Rc1 Bf5 41. g4 Be6 42. Bxg7 Nb6 43. a7 Kb7 44. Rxc5 Bc4+ 45. Kf2 Ba6 46. Rca5
Rxa7 47. Bd4 Ra8 48. Bxb6 1-0

[Event "Mondiale Lampo FIDE 2022"]
[Site "Alma Ata"]
[Date "29.12.2022"]
[Round "10.80"]
[White "Khusenkhojaev, Mustafokhuja"]
[Black "Uskov, Artem"]
[Result "0-1"]
[BlackTitle ""]
[WhiteElo "2265"]
[BlackElo "2376"]
[WhiteFideId "14700727"]
[BlackFideId "34254854"]
[EventDate "29.12.2022"]

1. d4 Nf6 2. c4 e6 3. g3 d5 4. Nf3 Bb4+ 5. Bd2 Be7 6. Bg2 O-O 7. Qc2 Nbd7 8. O-O
c6 9. Rd1 b6 10. b3 Ba6 11. a4 c5 12. a5 Qc8 13. dxc5 Bxc5 14. e3 dxc4 15. bxc4
Rb8 16. Na3 Bxa3 17. Rxa3 b5 18. Bb4 bxc4 19. Bxf8 Qxf8 20. Raa1 Nc5 21. Nd4 Nd3
22. Rab1 Rc8 23. Nc6 Ng4 24. Rd2 Ra8 25. Nd4 Rc8 26. Nc6 Ra8 27. h3 Nf6 28. Qc3
Nd5 29. Bxd5 exd5 30. Qd4 Rc8 31. Qxd5 Qe8 32. Nb4 Rd8 33. Qf5 g6 34. Qf6 Bc8
35. Nxd3 0-1

[Event "Mondiale Lampo FIDE 2022"]
[Site "Alma Ata"]
[Date "29.12.2022"]
[Round "10.81"]
[White "Kazakov, Konstantin"]
[Black "Munkhdalai, Amilal"]
[Result "0-1"]
[WhiteTitle ""]
[BlackTitle ""]
[WhiteElo "2385"]
[BlackElo "2142"]
[WhiteFideId "13700898"]
[BlackFideId "4903250"]
[EventDate "29.12.2022"]

1. e4 c5 2. Nc3 e6 3. g3 Nc6 4. Bg2 g6 5. f4 Bg7 6. Nf3 d6 7. O-O Nge7 8. d3 O-O
9. Be3 Rb8 10. d4 cxd4 11. Nxd4 a6 12. Qd2 Qc7 13. a4 Bd7 14. Rae1 Na5 15. b3 e5
16. fxe5 dxe5 17. Nde2 Nac6 18. Bh6 Rfd8 19. Bxg7 Kxg7 20. Qg5 Be6 21. Kh1 Nd4
22. Qf6+ Kg8 23. Nxd4 Rxd4 24. Ne2 Rd2 25. c4 Rd3 26. Nc1 Rd2 27. Re2 Rbd8 28.
Ref2 Nc6 29. Ne2 Qe7 30. Qxe7 Nxe7 31. Nc3 Rxf2 32. Rxf2 Rd3 33. Nd5 Nc6 34. b4
Bxd5 35. exd5 Nxb4 36. Kg1 Rd1+ 37. Rf1 Rxf1+ 38. Kxf1 b6 39. a5 bxa5 40. c5 Kf8
41. d6 a4 42. c6 Nxc6 43. Bxc6 a3 44. Bd5 f5 45. Ke2 e4 46. Ke3 Ke8 47. Be6 a5
48. h3 a4 49. g4 a2 50. Bxa2 Kd7 51. Bg8 a3 52. g5 Kxd6 53. Kd4 Kc6 54. h4 Kb5
55. Bf7 Kc6 56. Be6 Kd6 57. Bc4 Kc6 58. Bf7 Kd6 59. Bb3 0-1

[Event "Mondiale Lampo FIDE 2022"]
[Site "Alma Ata"]
[Date "29.12.2022"]
[Round "10.82"]
[White "Korelskiy, Egor"]
[Black "Sapenov, Daniyal"]
[Result "1-0"]
[WhiteTitle ""]
[BlackTitle ""]
[WhiteElo "2153"]
[BlackElo "2323"]
[WhiteFideId "34329064"]
[BlackFideId "13728911"]
[EventDate "29.12.2022"]

1. e4 e5 2. Nf3 Nc6 3. Bb5 a6 4. Ba4 Nf6 5. O-O b5 6. Bb3 Bc5 7. c3 d6 8. d4 Bb6
9. h3 O-O 10. Re1 Bb7 11. Bc2 h6 12. Be3 Rb8 13. d5 Ne7 14. Bxb6 cxb6 15. Nbd2
Ng6 16. Nf1 Bc8 17. Qd2 Bd7 18. Ng3 Nf4 19. Ne2 N6h5 20. Ng3 Qf6 21. Nh2 Rfc8
22. Bd1 Qg5 23. Qe3 Qg6 24. Bxh5 Nxh5 25. Nxh5 Qxh5 26. f4 exf4 27. Qxf4 Qg6 28.
Kh1 b4 29. Re3 bxc3 30. bxc3 Re8 31. Rae1 Qf6 32. Qxf6 gxf6 33. Rf1 f5 34. Rg3+
Kf8 35. exf5 Re5 36. Ng4 Rxf5 37. Re1 Rg5 38. Nf6 Bf5 39. Rf3 Rd8 40. h4 Rg4 41.
Rxf5 Rxh4+ 42. Kg1 Rc4 43. Ne4 Re8 44. Rxf7+ Kg8 45. Nf6+ Kxf7 46. Nxe8 Rxc3 47.
Nxd6+ Kg6 48. Re6+ Kg7 49. Nf5+ Kf7 50. Nxh6+ Kf8 51. d6 Rd3 52. Ng4 b5 53. Ne5
Rd1+ 54. Kh2 b4 55. d7 1-0

[Event "Mondiale Lampo FIDE 2022"]
[Site "Alma Ata"]
[Date "29.12.2022"]
[Round "10.83"]
[White "Abdilkhair, Abilmansur"]
[Black "Nissinen, Niilo Man"]
[Result "1-0"]
[WhiteTitle ""]
[BlackTitle ""]
[WhiteElo "2278"]
[BlackElo "1996"]
[WhiteFideId "13716417"]
[BlackFideId "30950767"]
[EventDate "29.12.2022"]

1. e4 c5 2. Nf3 e6 3. d4 cxd4 4. Nxd4 Nc6 5. Nc3 Nf6 6. Nxc6 bxc6 7. e5 Nd5 8.
Ne4 Qc7 9. f4 Rb8 10. Bd3 f5 11. exf6 Nxf6 12. Nxf6+ gxf6 13. O-O d5 14. c4 Ba6
15. f5 dxc4 16. Be2 e5 17. Bh5+ Ke7 18. Be3 Rb5 19. Qa4 Ra5 20. Qb4+ Kd8 21.
Qd2+ Rd5 22. Qf2 Kc8 23. b3 c3 24. Rfc1 Bb4 25. a3 Bd6 26. Rxc3 Rd3 27. Rc2 Kb7
28. Bf3 Rc8 29. Rac1 Bb5 30. a4 Ba3 31. axb5 Bxc1 32. Rxc1 Kb8 33. Bxc6 Qe7 34.
Bc5 Qd8 35. Bxa7+ Kc7 36. Qb6+ Kd6 37. Qc5+ Kc7 38. b6# 1-0

[Event "Mondiale Lampo FIDE 2022"]
[Site "Alma Ata"]
[Date "29.12.2022"]
[Round "10.84"]
[White "Haldorsen, Benjamin"]
[Black "Suleimen, Ergali"]
[Result "1-0"]
[WhiteTitle ""]
[WhiteElo "2449"]
[BlackElo "2073"]
[WhiteFideId "1512633"]
[BlackFideId "13724452"]
[EventDate "29.12.2022"]

1. e4 c5 2. Nf3 Nc6 3. Bb5 g6 4. Bxc6 dxc6 5. d3 Bg7 6. h3 Nf6 7. a4 a5 8. Be3
Nd7 9. Qc1 h6 10. Nfd2 b6 11. O-O O-O 12. f4 e5 13. f5 g5 14. Nc3 Bf6 15. Ne2
Bg7 16. Nc4 Ba6 17. b3 Bxc4 18. bxc4 Nf6 19. Rb1 Kh7 20. Ng3 Rb8 21. Rb3 Bh8 22.
Qb2 Qc7 23. Rb1 Nd7 24. Nh5 Qd6 25. g4 Rb7 26. Kg2 Rfb8 27. h4 Nf6 28. Nxf6+
Bxf6 29. hxg5 Bxg5 30. Bxg5 hxg5 31. Rh1+ Kg7 32. Rh5 f6 33. Qb1 Qf8 34. Qh1 Qg8
35. Rh6 Kf7 36. Qh5+ Ke7 37. Rg6 Qf7 38. Qh6 Rg8 39. Rb1 Rxg6 40. fxg6 Qg8 41.
Qh7+ Qxh7 42. gxh7 Rb8 43. Rxb6 Rh8 44. Rb7+ Ke6 45. Kf3 Re8 46. Rc7 Kd6 47. Rg7
Rh8 48. Ke3 Ke6 49. c3 Kd6 50. Ra7 Ke6 51. d4 cxd4+ 52. cxd4 exd4+ 53. Kxd4 Kd6
54. c5+ Ke6 55. Rc7 Rd8+ 56. Ke3 Ke5 57. Re7# 1-0

[Event "Mondiale Lampo FIDE 2022"]
[Site "Alma Ata"]
[Date "29.12.2022"]
[Round "10.85"]
[White "Mamatov, Melis"]
[Black "Akhilbay, Imangali"]
[Result "1-0"]
[WhiteTitle ""]
[WhiteElo "2399"]
[BlackElo "2140"]
[WhiteFideId "13800027"]
[BlackFideId "13734857"]
[EventDate "29.12.2022"]

1. b4 e5 2. b5 a6 3. e3 axb5 4. Bxb5 c6 5. Be2 d5 6. Bb2 Bd6 7. c4 Nf6 8. Nf3 e4
9. Nd4 Be5 10. cxd5 Nxd5 11. Nc3 f5 12. Nxd5 Qxd5 13. Qc2 b5 14. a4 Bd7 15. axb5
Rxa1+ 16. Bxa1 cxb5 17. O-O O-O 18. f4 Bf6 19. Rb1 Kh8 20. Bc3 Rc8 21. Qb3 Qc5
22. Bb4 Qc7 23. Bc3 Qc5 24. Nxb5 Nc6 25. Bxf6 gxf6 26. Qf7 Rf8 27. Qxd7 Qc2 28.
Rd1 Nb4 29. Qd6 Rb8 30. Qxb8+ 1-0

[Event "Mondiale Lampo FIDE 2022"]
[Site "Alma Ata"]
[Date "29.12.2022"]
[Round "10.86"]
[White "Everett, Elijah"]
[Black "Postlmayer, Jakob"]
[Result "1/2-1/2"]
[BlackTitle ""]
[WhiteElo "2202"]
[BlackElo "2314"]
[WhiteFideId "12973696"]
[BlackFideId "1643622"]
[EventDate "29.12.2022"]

1. e4 c5 2. Nf3 d6 3. d4 cxd4 4. Nxd4 Nf6 5. Nc3 a6 6. Be3 e5 7. Nb3 Be7 8. f3
Be6 9. Qd2 h5 10. Nd5 Nxd5 11. exd5 Bf5 12. Be2 a5 13. a4 O-O 14. O-O Nd7 15. c4
b6 16. Bd3 Bxd3 17. Qxd3 Nc5 18. Nxc5 bxc5 19. Bd2 f5 20. Bc3 Bg5 21. Kh1 Qe7
22. Qe2 Qd7 23. f4 Bxf4 24. Qxh5 Rf6 25. Rxf4 exf4 26. Bxf6 gxf6 27. Qg6+ Qg7
28. Qxf5 Re8 29. Qxf4 Re5 30. Kg1 Qg6 31. Rf1 Kg7 32. Qg3 Qxg3 33. hxg3 Re2 34.
b3 Rb2 35. Rf3 Kg6 36. g4 Kg5 37. Kh2 Kg6 38. Kg3 Kg5 39. Kh3 Kg6 40. Kg3 Kg5
41. Kh3 Kg6 1/2-1/2

[Event "Mondiale Lampo FIDE 2022"]
[Site "Alma Ata"]
[Date "29.12.2022"]
[Round "10.87"]
[White "Amangeldy, Ernur"]
[Black "Tologon tegin, Semetei"]
[Result "1-0"]
[BlackTitle ""]
[WhiteElo "2097"]
[BlackElo "2394"]
[WhiteFideId "13720244"]
[BlackFideId "13800574"]
[EventDate "29.12.2022"]

1. d4 Nf6 2. c4 e6 3. Nf3 Bb4+ 4. Bd2 a5 5. g3 b6 6. Bg2 Bb7 7. O-O O-O 8. Nc3
d6 9. Rc1 Nbd7 10. Bg5 Bxc3 11. Rxc3 h6 12. Bxf6 Nxf6 13. b3 Qe7 14. a3 Be4 15.
Rc1 e5 16. Qd2 Rfe8 17. Rfe1 Rad8 18. Qb2 c5 19. dxe5 dxe5 20. Red1 Bxf3 21.
exf3 Rd4 22. Re1 Qd6 23. Rc2 Rd1 24. Re2 Rxe1+ 25. Rxe1 Qd4 26. Qe2 Qc3 27. Qe3
Qb2 28. a4 Qd4 29. Qe2 Qc3 30. Qe3 Qb2 31. Re2 Qd4 32. Re1 Re6 33. Qe2 Qc3 34.
Qe3 Qb2 35. Bh3 Re8 36. Bf5 g6 37. Be4 Kg7 38. Re2 Qa1+ 39. Kg2 Qd4 40. Bc6 Re6
41. Bb5 Qa1 42. Rd2 e4 43. f4 Ng4 44. Qe2 h5 45. h3 e3 46. Rd1 Qxd1 47. Qxd1 1-0

[Event "Mondiale Lampo FIDE 2022"]
[Site "Alma Ata"]
[Date "29.12.2022"]
[Round "11.3"]
[White "Caruana, Fabiano"]
[Black "Fedoseev, Vladimir3"]
[Result "0-1"]
[WhiteTitle ""]
[BlackTitle ""]
[WhiteElo "2766"]
[BlackElo "2688"]
[WhiteFideId "2020009"]
[BlackFideId "24130737"]
[EventDate "29.12.2022"]

1. Nf3 Nf6 2. b3 g6 3. Bb2 Bg7 4. g3 O-O 5. Bg2 Nc6 6. O-O d5 7. d4 Ne4 8. e3
Bg4 9. c4 dxc4 10. bxc4 Ng5 11. Nbd2 e5 12. Qc2 exd4 13. Nxd4 Bxd4 14. exd4 Nxd4
15. Bxd4 Qxd4 16. h4 Bf5 17. Qc1 Nh3+ 18. Kh2 Nxf2 19. Nb3 Ng4+ 20. Kh1 Qe5 21.
Qf4 c6 22. Qxe5 Nxe5 23. c5 Rfd8 24. Na5 Rd7 25. Rac1 Re8 26. Rce1 Ree7 27. Re3
b6 28. Nb3 f6 29. Rc1 Be6 30. cxb6 axb6 31. Kg1 c5 32. Rb1 Rd6 33. Re2 Ra7 34.
Rf2 Kg7 35. Nd2 Bf5 36. Ra1 c4 37. Ne4 Rd3 38. Rb1 Bxe4 39. Bxe4 Rxg3+ 40. Kf1
f5 41. Bg2 Ng4 0-1

[Event "Mondiale Lampo FIDE 2022"]
[Site "Alma Ata"]
[Date "29.12.2022"]
[Round "11.4"]
[White "Giri, Anish"]
[Black "Rapport, Richard"]
[Result "1/2-1/2"]
[WhiteTitle ""]
[BlackTitle ""]
[WhiteElo "2764"]
[BlackElo "2740"]
[WhiteFideId "24116068"]
[BlackFideId "738590"]
[EventDate "29.12.2022"]

1. Nf3 c5 2. c4 g6 3. d4 Bg7 4. e4 d6 5. d5 Nf6 6. Nc3 O-O 7. Be2 e6 8. O-O Re8
9. h3 exd5 10. exd5 Bf5 11. Bd3 Ne4 12. Nxe4 Bxe4 13. Bxe4 Rxe4 14. Qc2 Re8 15.
Bg5 Qc7 16. Rae1 Nd7 17. b3 h6 18. Bf4 Nf6 19. Rxe8+ Rxe8 20. Re1 Rxe1+ 1/2-1/2

[Event "Mondiale Lampo FIDE 2022"]
[Site "Alma Ata"]
[Date "29.12.2022"]
[Round "11.5"]
[White "Mamedyarov, Shakhriyar"]
[Black "Duda, Jan-Krzysztof"]
[Result "1/2-1/2"]
[WhiteTitle ""]
[BlackTitle ""]
[WhiteElo "2740"]
[BlackElo "2729"]
[WhiteFideId "13401319"]
[BlackFideId "1170546"]
[EventDate "29.12.2022"]

1. d4 d5 2. c4 c6 3. Nf3 Nf6 4. Qb3 e6 5. g3 Be7 6. Bg2 O-O 7. O-O b6 8. Bf4
Nbd7 9. Nc3 Bb7 10. Rfd1 Rc8 11. Rac1 dxc4 12. Qxc4 c5 13. Qa4 a6 14. dxc5 b5
15. Qb3 Bxc5 16. Ne5 Bxg2 17. Kxg2 Qb6 18. Nxd7 Qb7+ 19. Ne4 Qxe4+ 20. Qf3 Qxf3+
21. Kxf3 Nxd7 22. Rxd7 f6 23. Bd6 Bxd6 24. Rxc8 Rxc8 25. Rxd6 a5 26. Rb6 Rc5 27.
b3 1/2-1/2

[Event "Mondiale Lampo FIDE 2022"]
[Site "Alma Ata"]
[Date "29.12.2022"]
[Round "11.6"]
[White "Bluebaum, Matthias"]
[Black "Artemiev, Vladislav"]
[Result "0-1"]
[WhiteTitle ""]
[BlackTitle ""]
[WhiteElo "2657"]
[BlackElo "2701"]
[WhiteFideId "24651516"]
[BlackFideId "24101605"]
[EventDate "29.12.2022"]

1. d4 Nf6 2. c4 e6 3. Nc3 Bb4 4. e3 b6 5. Bd3 Bb7 6. Nf3 O-O 7. Bd2 c5 8. a3 Ba5
9. Rb1 Bxc3 10. Bxc3 Ne4 11. Qc2 Nxc3 12. Qxc3 Bxf3 13. gxf3 cxd4 14. Qxd4 Nc6
15. Qd6 Rc8 16. f4 Na5 17. Rc1 Rc6 18. Qe5 d5 19. Rg1 g6 20. f5 exf5 21. Qxf5
Nxc4 22. Ke2 Rf6 23. Qh3 Nxb2 24. Bb1 Qd6 25. Rc2 Nc4 26. Rd1 Nxa3 27. Rcd2 Nxb1
28. Rxb1 Qc5 29. Kf1 Qc4+ 30. Kg1 Rf5 31. Qg3 Qe4 32. Rbd1 Qe7 33. Rxd5 Rxd5 34.
Rxd5 Rd8 35. Re5 Qf6 36. h4 a5 37. h5 a4 38. hxg6 hxg6 39. Rb5 Rd1+ 40. Kg2 Qc6+ 0-1

[Event "Mondiale Lampo FIDE 2022"]
[Site "Alma Ata"]
[Date "29.12.2022"]
[Round "11.8"]
[White "Lazavik, Denis"]
[Black "Kadric, Denis"]
[Result "1-0"]
[WhiteTitle ""]
[BlackTitle ""]
[WhiteElo "2537"]
[BlackElo "2584"]
[WhiteFideId "13515110"]
[BlackFideId "14403803"]
[EventDate "29.12.2022"]

1. d4 d6 2. Nf3 Nf6 3. c4 Nbd7 4. Nc3 e5 5. g3 c6 6. e4 Qa5 7. Qc2 Be7 8. Bg2
Nb6 9. O-O Nxc4 10. b3 exd4 11. Nxd4 Ne5 12. Kh1 O-O 13. f4 Ng6 14. Be3 Re8 15.
Bg1 Qh5 16. Rad1 Bg4 17. Rd2 Bd8 18. f5 Ne5 19. Nde2 d5 20. Nf4 Qh6 21. Be3 Bb6
22. Bxb6 axb6 23. exd5 cxd5 24. Ncxd5 Nxd5 25. Nxd5 Kh8 26. Rd4 Bh3 27. Qd2
Bxg2+ 28. Kxg2 Qxd2+ 29. Rxd2 Rad8 30. Rfd1 Ng4 31. Kf3 h5 32. h3 Ne5+ 33. Kg2
Rd6 34. Nf4 Rxd2+ 35. Rxd2 g6 36. fxg6 fxg6 37. Re2 1-0

[Event "Mondiale Lampo FIDE 2022"]
[Site "Alma Ata"]
[Date "29.12.2022"]
[Round "11.9"]
[White "Yu, Yangyi"]
[Black "Madaminov, Mukhiddin"]
[Result "1-0"]
[WhiteTitle ""]
[BlackTitle ""]
[WhiteElo "2728"]
[BlackElo "2438"]
[WhiteFideId "8603820"]
[BlackFideId "14210703"]
[EventDate "29.12.2022"]

1. e4 e5 2. Nf3 Nc6 3. Bb5 a6 4. Ba4 Nf6 5. O-O Nxe4 6. d4 b5 7. Bb3 d5 8. dxe5
Be6 9. Be3 Be7 10. a4 Na5 11. axb5 Nxb3 12. cxb3 axb5 13. Rxa8 Qxa8 14. Nd4 Bd7
15. f3 Nc5 16. b4 Ne6 17. Nxe6 fxe6 18. Qd2 Qa4 19. Bc5 Bxc5+ 20. bxc5 O-O 21.
b4 Be8 22. Qd4 c6 23. Nc3 Qa3 24. Ne2 Qa2 25. Kf2 Bg6 26. Ra1 Qc2 27. Qc3 Qf5
28. Qe3 Qc2 29. Qc3 Qf5 30. Ra2 Qh5 31. h3 Qh4+ 32. Kg1 h6 33. Nd4 Rc8 34. Ra1
Kf7 35. Ra7+ Kg8 36. Nxe6 Bf7 37. Nd4 Qg3 38. e6 Bg6 39. Rxg7+ Kf8 40. Nf5 d4
41. Qxd4 Qe1+ 42. Kh2 Qxe6 43. Rxg6 Qxg6 44. Qh8+ Kf7 45. Qxc8 Qf6 46. Qd7+ Kg6
47. Ne7+ Kg5 48. Qg4# 1-0

[Event "Mondiale Lampo FIDE 2022"]
[Site "Alma Ata"]
[Date "29.12.2022"]
[Round "11.10"]
[White "Moiseenko, Alexander"]
[Black "Nepomniachtchi, Ian"]
[Result "0-1"]
[WhiteTitle ""]
[BlackTitle ""]
[WhiteElo "2577"]
[BlackElo "2793"]
[WhiteFideId "14102560"]
[BlackFideId "4168119"]
[EventDate "29.12.2022"]

1. d4 Nf6 2. c4 e6 3. Nc3 Bb4 4. Nf3 O-O 5. Bg5 c5 6. Rc1 cxd4 7. Nxd4 h6 8. Bh4
d5 9. cxd5 e5 10. Bxf6 Qxf6 11. Nc2 Bxc3+ 12. bxc3 Nd7 13. g3 Nc5 14. Bg2 Bf5
15. O-O Rac8 16. Ne3 Rfd8 17. Nxf5 Qxf5 18. c4 b6 19. Qc2 Qxc2 20. Rxc2 Nb7 21.
f4 Re8 22. e3 Nd6 23. Rfc1 Rc5 24. Kf2 g5 25. fxe5 Rxe5 26. Bf1 Kg7 27. Bd3 Re7
28. Ke2 Kf6 29. e4 Ke5 30. Ke3 Rec7 31. Rf2 b5 32. Rcf1 bxc4 33. Bc2 Ra5 34.
Rf5+ Nxf5+ 35. Rxf5+ Kd6 36. e5+ Kc5 37. d6 Ra3+ 38. Ke4 Rc8 39. d7 Rd8 40. e6+
Kd6 41. exf7 Rxa2 42. f8=Q+ Rxf8 43. Rxf8 Kxd7 44. Rf2 Kc6 45. Kd4 Kb5 46. Rf5+
Kb4 47. Rf2 a5 48. h4 a4 49. hxg5 hxg5 50. Re2 a3 51. Re8 0-1

[Event "Mondiale Lampo FIDE 2022"]
[Site "Alma Ata"]
[Date "29.12.2022"]
[Round "11.11"]
[White "Quparadze, Giga"]
[Black "Vachier-Lagrave, Maxime"]
[Result "1-0"]
[WhiteTitle ""]
[BlackTitle ""]
[WhiteElo "2470"]
[BlackElo "2737"]
[WhiteFideId "13602250"]
[BlackFideId "623539"]
[EventDate "29.12.2022"]

1. e4 c5 2. Nf3 d6 3. d4 cxd4 4. Nxd4 Nf6 5. Nc3 a6 6. h3 e6 7. g4 h6 8. Bg2 Be7
9. O-O O-O 10. Be3 Nc6 11. Qd2 Nxd4 12. Bxd4 e5 13. Be3 Be6 14. f4 exf4 15. Rxf4
Nd7 16. Nd5 Bg5 17. Rf2 Bxe3 18. Nxe3 Qb6 19. c3 Ne5 20. Nf5 Rad8 21. Qd4 Qc7
22. a4 Rd7 23. a5 Rfd8 24. Ne3 Qc5 25. b4 Qc6 26. Rc1 Bc4 27. Bf1 Be6 28. c4 f6
29. Nd5 Bxd5 30. Qxd5+ Kf8 31. Ra1 Qxd5 32. exd5 Rc7 33. Rf4 Ke7 34. Rd1 g5 35.
Re4 f5 36. Rxe5+ dxe5 37. c5 Kf6 38. d6 Rcd7 39. gxf5 Kxf5 40. Be2 Rg7 41. b5
axb5 42. a6 bxa6 43. c6 Kf6 44. c7 Rgg8 45. Bg4 h5 46. Bxh5 e4 47. Bg4 e3 48. d7
e2 49. Re1 1-0

[Event "Mondiale Lampo FIDE 2022"]
[Site "Alma Ata"]
[Date "29.12.2022"]
[Round "11.12"]
[White "Andreikin, Dmitry"]
[Black "Riazantsev, Alexander"]
[Result "1/2-1/2"]
[WhiteTitle ""]
[BlackTitle ""]
[WhiteElo "2729"]
[BlackElo "2626"]
[WhiteFideId "4158814"]
[BlackFideId "4125029"]
[EventDate "29.12.2022"]

1. Nf3 d5 2. d4 Nf6 3. c4 e6 4. g3 Bb4+ 5. Bd2 a5 6. Qc2 O-O 7. Bg2 c5 8. dxc5
d4 9. O-O Bxc5 10. Bg5 h6 11. Bxf6 Qxf6 12. Nbd2 Nc6 13. Ne1 e5 14. Nd3 Nb4 15.
Qa4 Nxd3 16. exd3 Qb6 17. Qb5 Qxb5 18. cxb5 Bd7 19. a4 Rab8 20. Nc4 b6 21. Nxe5
Bf5 22. Be4 Be6 23. Rfc1 f5 24. Bg2 f4 25. Nc6 Rbe8 26. Nxa5 fxg3 27. hxg3 Bf5
28. Nb3 Bxd3 29. Nxc5 bxc5 30. b6 c4 31. b7 Re2 32. a5 Kh7 33. Rf1 Rxb2 34. a6
Bxf1 35. Rxf1 Ra2 36. Be4+ g6 37. Rb1 Rb8 38. Rb6 d3 39. Rd6 d2 40. Kg2 Rxa6 41.
Rd7+ Kh8 42. Rxd2 Rb6 43. Rd7 c3 44. Rc7 c2 45. Rxc2 R8xb7 46. Bxb7 Rxb7 47. Rc4 1/2-1/2

[Event "Mondiale Lampo FIDE 2022"]
[Site "Alma Ata"]
[Date "29.12.2022"]
[Round "11.13"]
[White "Sadhwani, Raunak"]
[Black "Ghasi, Ameet K"]
[Result "1-0"]
[WhiteTitle ""]
[BlackTitle ""]
[WhiteElo "2627"]
[BlackElo "2471"]
[WhiteFideId "35093487"]
[BlackFideId "409200"]
[EventDate "29.12.2022"]

1. d4 Nf6 2. Bf4 g6 3. Nc3 d5 4. e3 Bg7 5. h4 h5 6. Nf3 Bg4 7. Qd2 Bxf3 8. gxf3
c6 9. e4 e6 10. O-O-O b5 11. exd5 Nxd5 12. Bg5 Qb6 13. Ne4 O-O 14. Rg1 Nd7 15.
Bh6 c5 16. dxc5 Qc6 17. Qg5 Nxc5 18. Bxg7 Kxg7 19. Qe5+ Kh6 20. Nxc5 Qxc5 21.
Bd3 Rg8 22. Qg5+ Kg7 23. Qxh5 Rh8 24. Qe5+ Kh7 25. h5 Rag8 26. hxg6+ 1-0

[Event "Mondiale Lampo FIDE 2022"]
[Site "Alma Ata"]
[Date "29.12.2022"]
[Round "11.14"]
[White "Mamedov, Rauf"]
[Black "Hovhannisyan, Robert"]
[Result "1-0"]
[WhiteTitle ""]
[BlackTitle ""]
[WhiteElo "2646"]
[BlackElo "2597"]
[WhiteFideId "13401653"]
[BlackFideId "13302507"]
[EventDate "29.12.2022"]

1. e4 e5 2. Nf3 Nc6 3. Bb5 Nf6 4. O-O Nxe4 5. d4 Nd6 6. Ba4 exd4 7. c3 Be7 8.
cxd4 b5 9. Bb3 O-O 10. Nc3 Na5 11. Bc2 Bb7 12. Nxb5 Nxb5 13. Qd3 g6 14. Qxb5
Bxf3 15. Qxa5 Bb7 16. Bf4 d6 17. Bh6 Re8 18. Ba4 c6 19. Qc3 Bg5 20. Bxg5 Qxg5
21. Qb4 Qe7 22. Rfe1 Qc7 23. h3 c5 24. dxc5 dxc5 25. Qc4 Rxe1+ 26. Rxe1 Rd8 27.
Qc3 Qd6 28. Rd1 Qe7 29. Rxd8+ Qxd8 30. Qxc5 Qd2 31. Qe5 Bd5 32. a3 a5 33. Bb5 h5
34. Bf1 Be6 35. Qc5 Qxb2 36. Qxa5 Qa1 37. Qa6 Bb3 38. h4 Kg7 39. Qd3 Qxa3 40.
Qc3+ Kh7 41. Bc4 Qe7 42. Qxb3 Qxh4 43. Bxf7 Qf6 44. Bd5 Qa1+ 45. Kh2 Qe5+ 46. g3
h4 47. Qf3 hxg3+ 48. fxg3 Qb2+ 49. Kh3 Qc1 50. Qf7+ Kh8 51. Qg8# 1-0

[Event "Mondiale Lampo FIDE 2022"]
[Site "Alma Ata"]
[Date "29.12.2022"]
[Round "11.15"]
[White "Gelfand, Boris"]
[Black "Yoo, Christopher Woojin"]
[Result "0-1"]
[WhiteTitle ""]
[BlackTitle ""]
[WhiteElo "2667"]
[BlackElo "2575"]
[WhiteFideId "2805677"]
[BlackFideId "30909694"]
[EventDate "29.12.2022"]

1. d4 Nf6 2. c4 e6 3. Nf3 d5 4. g3 Bb4+ 5. Bd2 Be7 6. Bg2 O-O 7. O-O Nbd7 8. Qc2
c6 9. Nc3 b6 10. cxd5 cxd5 11. Rfc1 Bb7 12. e3 a6 13. Qd1 Rc8 14. Bf1 b5 15. Ne2
Qb6 16. Nf4 Ne4 17. Rxc8 Rxc8 18. Rc1 Bd6 19. Rxc8+ Bxc8 20. Nd3 Qc7 21. b4 Nb6
22. Be1 Qc4 23. Qb1 Nc3 24. Qa1 Nca4 25. Nc5 Qc2 26. Bd3 Qb2 27. Qxb2 Nxb2 28.
Be2 f6 29. Nd2 N2c4 30. Ndb3 Kf7 31. Bd3 e5 32. Bc3 g6 33. Kg2 h5 34. dxe5 fxe5
35. e4 d4 36. Be1 Nb2 37. Bc2 N6c4 38. Nd3 Na3 0-1

[Event "Mondiale Lampo FIDE 2022"]
[Site "Alma Ata"]
[Date "29.12.2022"]
[Round "11.16"]
[White "Harikrishna, Pentala"]
[Black "Le, Tuan Minh"]
[Result "1-0"]
[WhiteTitle ""]
[BlackTitle ""]
[WhiteElo "2705"]
[BlackElo "2542"]
[WhiteFideId "5007003"]
[BlackFideId "12401153"]
[EventDate "29.12.2022"]

1. Nf3 d5 2. g3 Nd7 3. c4 c6 4. cxd5 cxd5 5. d4 Ngf6 6. Bg2 e6 7. O-O Bd6 8. Nc3
O-O 9. Bf4 Bxf4 10. gxf4 b6 11. Rc1 a6 12. e3 Bb7 13. Rc2 Rc8 14. Qe2 Rc7 15.
Rfc1 Qb8 16. Ne5 Rfc8 17. Qd1 b5 18. Ne2 Nf8 19. Rxc7 Rxc7 20. Rxc7 Qxc7 21. Qc1
Qb6 22. a3 Ne8 23. Qc5 Qd6 24. Nc3 f6 25. Qxd6 Nxd6 26. Nd3 Kf7 27. a4 bxa4 28.
Nxa4 Ke7 29. Ndc5 Bc6 30. b4 Nd7 31. Bf1 Nc4 32. Nxd7 Bxa4 33. Nc5 Bb5 34. Bxc4
dxc4 35. Kf1 Kd6 36. Ne4+ Kd5 37. Nc3+ Kd6 38. Ke2 Bc6 39. e4 g5 40. fxg5 fxg5
41. Ke3 e5 42. d5 Bd7 43. Nb1 Ke7 44. Na3 Bb5 45. Kd2 g4 46. Kc3 Kf6 47. Nxc4 h5
48. Nd6 Bd7 49. Kd2 Kg5 50. Ke3 Kf6 51. Nc4 Bb5 52. Nd2 Kg5 53. Nb3 Kh4 54. d6
Kh3 55. Nc5 Kxh2 56. d7 Bxd7 57. Nxd7 g3 58. fxg3 1-0